|
|
|
|
| LEADER |
00621nam a22001932a 4500 |
| 001 |
000195317 |
| 003 |
CZ BrMZK |
| 005 |
20090908141719.0 |
| 008 |
970107s1952 xr f cze d |
| 040 |
|
|
|a BOA001
|b cze
|
| 100 |
1 |
|
|a Fučíková, Gusta,
|d 1903-1987
|7 jk01032118
|4 aut
|
| 245 |
1 |
0 |
|a Julius Fučík /
|c text Gusta Fučíková
|
| 250 |
|
|
|a 1. vyd.
|
| 260 |
|
|
|a Praha :
|b SPN,
|c 1952
|
| 300 |
|
|
|a 8 s., obr. příl.
|
| 910 |
|
|
|a BOA001
|b PK-N-0002.125
|
| 964 |
|
|
|a Fučík, Julius - život a dílo - obrazy
|
| 990 |
|
|
|a BK
|
| 996 |
7 |
|
|b 3119931705
|c PK-N-0002.125
|l MZK
|r Sklad / do 1 hodiny
|n 1
|w 000195317
|u 000010
|a 1
|e BOA001
|j MZK50
|s A
|